000 00901nam a22002057a 4500
999 _c14262
_d14262
003 AR-CdUCM
008 190422b ||||| |||| 00| 0 spa d
040 _aMUNICIPALIDAD PROVINCIAL DEL CUSCO
_cBIBLIOTECA MUNICIPAL DEL CUSCO
082 _aC / 301 /
_bES93
110 _aCentro de estudios rurales andinos "Bartolomé de las casas"
_91973
245 _aCentro de estudios rurales andinos "Bartolomé de las casas" /
260 _aCusco :
_bBartolomé de las casas,
_c1981.
300 _a20 páginas ;
_c22 cm.
505 _aContenido : programa de investigación -- Historia de la región cusqueña -- "Iglesia, economía y sociedad, siglos XVI - XIX" -- "Practicas campesinas de los ecosistemas andinos y producción alimentaria nacional "...
650 _aInvestigación
_91940
650 _aSociologia
_9276
650 _aCusqueña
_928622
942 _2ddc
_cFOLLETOS
945 _arah
_d22/04/2019